Informaciones genealógicas del Archivo Municipal de la Coruña / (Record no. 99633)

MARC details
000 -LEADER
campo de control de longitud fija 00574nam a2200181 i 4500
001 - NÚMERO DE CONTROL
campo de control 99633
003 - IDENTIFICADOR DE NÚMERO DE CONTROL
campo de control ES-MaACL
005 - FECHA Y HORA DE LA ÚLTIMA TRANSACCIÓN
campo de control 20230906182529.0
007 - CAMPO FIJO DE DESCRIPCIÓN FÍSICA--INFORMACIÓN GENERAL
campo de control de longitud fija t|
008 - DATOS DE LONGITUD FIJA--INFORMACIÓN GENERAL
campo de control de longitud fija 050914s1959 sp ||||1| spa d
100 1# - ENTRADA PRINCIPAL--NOMBRE DE PERSONA
Nombre de persona Martínez-Barbeito, Carlos,
Fechas asociadas al nombre 1913-1997
9 (RLIN) 77884
245 10 - MENCIÓN DEL TÍTULO
Título Informaciones genealógicas del Archivo Municipal de la Coruña /
Mención de responsabilidad, etc. Carlos Martínez Barbeito.
260 ## - PUBLICACIÓN, DISTRIBUCIÓN, ETC.
Lugar de publicación, distribución, etc. Madrid :
Nombre del editor, distribuidor, etc. Hidalguía,
Fecha de publicación, distribución, etc. 1959.
300 ## - DESCRIPCIÓN FÍSICA
Extensión 64 p. ;
Dimensiones 25 cm.
651 #4 - PUNTO DE ACCESO ADICIONAL DE MATERIA--NOMBRE GEOGRÁFICO
Nombre geográfico La Coruña-
Subdivisión general Genealogía.
9 (RLIN) 157715
852 ## - LOCALIZACIÓN
Ubicación ES-MaACL
Número de control de estantería C-17686
Sublocalización o colección R.44941
Holdings
Estatus retirado Estado de pérdida Estado de daño No para préstamo Biblioteca de origen Biblioteca actual Ubicación en estantería Fecha de adquisición Fuente de adquisición Total de préstamos Signatura topográfica completa Código de barras Visto por última vez Precio de reemplazo Tipo de ítem Koha
        Biblioteca del Ateneo de Madrid Biblioteca del Ateneo de Madrid Galería 17/01/2008     C-17686 1104034 23/02/2023 23/02/2023 Libro impreso